00309nam a2200121Ia 4500008004100000041000800041082001200049100001800061245004500079260004100124300001500165365000700180240624s9999 xx 000 0 und d aeng a020 PRY aPRYTHERCH RAY aINFORMATION MANAGEMENT AND LIBRARY SCIEN c1997aMumbaibJaico Publishing House avii, : 323 cRS